000 00868nam a2200265 a 4500
001 BRCA_3734
005 20190320204413.0
008 150909s1774----fr-a---###---#000-0#fre-#
041 _afre
044 _afr
050 4 _aF1219
_b.C67 1774
100 1 _aCortez, Fernand
_d1485-1547
_99191
245 1 0 _aHistoire de la Conquête du Mexique, ou de la Nouvelle Espagne
_cpar Fernand Cortez.
250 _a6
260 _aParís
_bCompagnie des Libraires
_c1774
300 _a1 v.
_bil., 12 láminas
_c17 cm.
500 _aTraduite de 1´espagnol de Dom Antoine de Solis.
500 _aCon este número de inventario solo existe un volumen
500 _aEstado físico: presenta 1 lamina y 1 hoja rota
500 _aVer también B210, C119 y S108
500 _aB358
651 4 _aMéxico
_xHistoria
_yConquista, 1519-1540
_9442
902 _aGFM
942 _2lcc
_cB
999 _c3463
_d3463